Es-tu un vrai Once ? - Statistiques

Statistiques générales
  • Ce quiz a été pris 2 fois
  • Le résultat moyen est 75 sur 181
Statistiques - réponses
Date de sortie Titre % Correct
2018 (BDZ) BDZ
100%
2020 (Better) Better
100%
2021 (Formula Of Love:O+T=<3) Candy
100%
2015 (The Story Begins) Candy Boy
100%
2018 (Candy Pop) Candy Pop
100%
2022 (Celebrate) Celebrate
100%
2016 (Page Two) Cheer Up
100%
2020 (Cry For Me) Cry For Me
100%
2023 (Dance Again) Dance Again
100%
2018 (Summer Nights) Dance The Night Away
100%
2015 (The Story Begins) Do It Again
100%
2021 (Doughnut) Doughnut
100%
2019 (Fancy You) Fancy
100%
2020 (Fanfare) Fanfare
100%
2019 (Feel Special) Feel Special
100%
2015 (The Story Begins) Going Crazy
100%
2019 (&Twice) Happy Happy
100%
2023 (Hare Hare) Hare Hare
100%
2017 (Merry & Happy) Heart Shaker
100%
2021 (Formula Of Love:O+T=<3) Hello
100%
2018 (What Is Love) Ho!
100%
2020 (Eyes Wide Open) I Can't Stop Me
100%
2024 (With YOU-th) I Got You
100%
2018 (I Want You Back) I Want You Back
100%
2017 (TWICEcoasterLane 2) Knock Knock
100%
2021 (Kura Kura) Kura Kura
100%
2015 (The Story Begins) Like A Fool
100%
2015 (The Story Begins) Like Ooh-Ahh
100%
2017 (Twicetagram) Likey
100%
2018 (BDZ) L.O.V.E.
100%
2017 (Merry & Happy) Merry & Happy
100%
2021 (Formula Of Love:O+T=<3) Moonlight
100%
2023 (Ready To Be) Moonlight Sunrise
100%
2020 (More & More) More & More
100%
2017 (One More Time) One More Time
100%
2021 (Perfect World) Perfect World
100%
2021 (Formula Of Love:O+T=<3) Scientist
100%
2017 (Signal) Signal
100%
2018 (Stay By My Side) Stay By My Side
100%
2018 (What Is Love) Stuck
100%
2019 (Fancy You) Stuck In My Head
100%
2018 (The Year Of Yes) The Best ThingI Ever Did
100%
2021 (Formula Of Love:O+T=<3) The Feels
100%
2016 (Page Two) Touchdown
100%
2015 (The Story Begins) Truth
100%
2016 (TWICEcoasterLane 1) TT
100%
2018 (Wake Me Up) Wake Me Up
100%
2018 (What Is Love) What Is Love
100%
2018 (Yes Or Yes) Yes Or Yes
100%
2021 (Formula Of Love:O+T=<3) 1,3,2
50%
2019 (Feel Special) 21:29
50%
2017 (Twicetagram) 24/7
50%
2021 (Taste Of Love) Alcool-Free
50%
2022 (Between 1&2) Basics
50%
2023 (Ready To Be) Blame It On Me
50%
2018 (Candy Pop Brand New Girl
50%
2022 (Between 1&2) Brave
50%
2019 (&Twice) Breakthrought
50%
2021 (Formula Of Love:O+T=<3) Cactus
50%
2023 (Hare Hare) Catch A Wave
50%
2023 (Ready To Be) Crazy Stupid Love
50%
2021 (Formula Of Love:O+T=<3) Cruel
50%
2018 (What Is Love) Dejavu
50%
2021 (Formula Of Love:O+T=<3) Espresso
50%
2019 (Feel Special) Get Loud
50%
2020 (Eyes Wide Open) Go Hard
50%
2022 (Between 1&2) Gone
50%
2023 (Ready To Be) Got The Thrills
50%
2020 (Eyes Wide Open) Hell In Heaven
50%
2019 (Fancy You) Hot
50%
2021 (Formula Of Love:O+T=<3) Icon
50%
2021 (Formula Of Love:O+T=<3) Last Waltz
50%
2019 (Feel Special) Love Foolish
50%
2017 (One More Time) Luv Me
50%
2020 (More & More) Make Me Go
50%
2016 (Page Two) My Headphones On
50%
2016 (TWICEcoasterLane 1) One In A Million
50%
2024 (With YOU-th) One Spark
50%
2020 (More & More) Oxygen
50%
2016 (TWICEcoasterLane 1) Ponytail
50%
2016 (Page Two) Precious Love
50%
2021 (Formula Of Love:O+T=<3) Push & Pull
50%
2020 (Eyes Wide Open) Queen
50%
2022 (Between 1&2) Queen Of Hearts
50%
2019 (Feel Special) Rainbow
50%
2021 (Formula Of Love:O+T=<3) Real You
50%
2021 (Formula Of Love:O+T=<3) Rewind
50%
2017 (Twicetagram) Rollin'
50%
2023 (Ready To Be) Set Me Free
50%
2020 (Eyes Wide Open) Shot Clock
50%
2022 (Between 1&2) Talk That Talk
50%
2019 (Feel Special) Trick It
50%
2022 (Between 1&2) Trouble
50%
2019 (Fancy You) Turn It Up
50%
2017 (Twicetagram) Turtle
50%
2020 (Eyes Wide Open) Up No More
50%
2023 (Ready To Be) Wallflower
50%
2022 (Between 1&2) When We Were Kids
50%
2021 (Doughnut) Wonderful Day
50%
2016 (Page Two) Woohoo
50%
2017 (Twicetagram) Wow
50%
2016 (TWICEcoasterLane 1) 1 To 10
0%
2018 (Yes Or Yes) After Moon
0%
2021 (Taste Of Love) Baby Blue Love
0%
2018 (BDZ) Be As One
0%
2020 (Eyes Wide Open) Behind The Mask
0%
2020 (Eyes Wide Open) Believer
0%
2019 (&Twice) Be OK
0%
2022 (Celebrate) Bitter Sweet
0%
2024 (With YOU-th) Bloom
0%
2020 (Eyes Wide Open) Bring It Bag
0%
2019 (&Twice) Changing!
0%
2018 (Summer Nights) Chillax
0%
2021 (Taste Of Love) Conversation
0%
2020 (Eyes Wide Open) Depend On You
0%
2017 (Twicetagram) Ding Dong
0%
2020 (More & More) Don't Call Me Again
0%
2017 (Twicetagram) Don't Give Up
0%
2020 (Eyes Wide Open) Do What We Like
0%
2017 (Signal) Eye Eye Eyes
0%
2019 (&Twice) Fake & True
0%
2021 (Formula Of Love:O+T=<3) Fall In Love Again
0%
2017 (Twicetagram) FFW
0%
2020 (More & More) Firework
0%
2021 (Taste Of Love) First Time
0%
2022 (Celebrate) Flow Like Waves
0%
2021 (Perfect World) Four-leaf Cover
0%
2019 (Fancy You) Girls Like Us
0%
2021 (Perfect World) Good At Love
0%
2020 (Eyes Wide Open) Handle It
0%
2017 (Signal) Hold Me Tight
0%
2019 (&Twice) How U Doin
0%
2017 (TWICEcoasterLane 2) Ice Cream
0%
2016 (Page Two) I'm Going To Be A Star
0%
2021 (Perfect World) In The Summer
0%
2017 (Twicetagram) Jaljayo Good Night
0%
2016 (TWICEcoasterLane1) Jelly Jelly
0%
2022 (Celebrate) Just Be Yourself
0%
2018 (Yes Or Yes) Lalala
0%
2017 (Twicetagram) Look At Me
0%
2017 (Twicetagram) Love Line
0%
2017 (Twicetagram) Missing U
0%
2024 (With YOU-th) New New
0%
2016 (TWICEcoasterLane 1) Next Page
0%
2017 (Signal) Only You
0%
2021 (Perfect World) Pieces Of Love
0%
2018 (Wake Me Up) Pink Lemonade
0%
2016 (TWICEcoasterLane 1) Pit-A-Pat
0%
2019 (&Twice) Polish
0%
2021 (Perfect World) Promise
0%
2024 (With YOU-th) Rush
0%
2022 (Celebrate) Sandcastle
0%
2018 (BDZ) Say It Again
0%
2020 (Eyes Wide Open) Say Something
0%
2018 (What Is Love) Say Yes
0%
2018 (Yes Or Yes) Say You Love Me
0%
2021 (Taste Of Love) Scandal
0%
2020 (Better) Scorpion
0%
2020 (More & More) Shadow
0%
2018 (Summer Nights) Shot Thru The Heart
0%
2017 (Signal) Someone Like Me
0%
2021 (Taste Of Love) SOS
0%
2019 (Fancy You) Stawberry
0%
2021 (Kura Kura) Strawberry Moon
0%
2019 (&Twice) Stronger
0%
2018 (Yes Or Yes) Sunset
0%
2020 (More & More) Sweet Summer Day
0%
2018 (What Is Love) Sweet Talker
0%
2020 (&Twice) Swing
0%
2021 (Perfect World) Thank You, Family
0%
2022 (Celebrate) That's All I'm Saying
0%
2019 (&Twice) The Reason Why
0%
2017 (Signal) Three Times A Day
0%
2022 (Celebrate) Tick Tock
0%
2016 (Page Two) Tuk Tok
0%
2022 (Celebrate) Voices Of Delight
0%
2019 (&Twice) What You Waiting For
0%
2018 (BDZ) Wishing
0%
2024 (With YOU-th) You Get Me
0%
2017 (Twicetagram) You In My Heart
0%
2018 (Yes Or Yes) Young & Wild
0%
Aucun quiz correspondant
Distribution des résultats
% des personnes avec chaque résultat
Percentile par nombre de réponses
Votre historique - résultats
Vous n’avez pas pris ce quiz